LEADER 01061nam a2200265 i 4500 001 000000112984 003 CaOOAMICUS 005 20050524000000.0 008 050524s1983 it u000 u ita u 013 $a85668 040 $aSeMil$bita 100 1 $aCascetta, Annamaria.$0(OLS)http://semarc/name/8010 245 10$aInvito alla lettura di Giovanni Testori /$cAnnamaria Cascetta. 260 $aMilano :$bMursia,$ccopyr. 1983. 300 $a200 p. ;$c18 cm. 490 0 $aInvito alla lettura. Sezione italiana ;$v76 500 $aFondo Card. C.M. Martini. 600 14$aTestori, Giovanni <1923-1993>.$0(OLS)http://semarc/subject/20418 830 0$aInvito alla lettura. Sezione italiana ;$v76.$0(OLS)http://semarc/title/7162 850 $aSeMil 852 $aSeMil$W1$xVenegono$y1$m1C I 146$j68701$B68701$CSeMilBibl$Z2$F98116 $81 941 1 $a4 961 $aOmaggio: Martini Card. Carlo Maria 996 $6245$aInvito alla lettura di Giovanni Testori$9(OLS)http://semarc/title/164852 996 $6260$aMilano :$bMursia$9(OLS)http://semarc/publisher/30230 LEADER 00991nam a2200205 i 4500 001 000000225501 003 CaOOAMICUS 005 20260220144906.0 008 131209s1903 it u000 u lat u 040 $aSeMil$bita 245 10$aApparatus ad historiam coaevam doctrinae inspirationis penes catholicos /$cauctore Christiano Pesch ; versio ex originali germanico ab auctore probata. 264 1$aRomae :$bEx Typographia della pace, Ph. Cuggiani,$c1903. 300 $a135 p. ;$c22 cm. 650 4$aBibbia - Ispirazione divina.$0(OLS)http://semarc/subject/5455 700 1 $aPignataro, Felice,$c.$0(OLS)http://semarc/name/23370 850 $aSeMil 852 $aSeMil$W1$xVenegono$y1$m5B III 72/5$j267447$B175847$CSeMilBibl$Z2$F186363 $81 996 $6245$aApparatus ad historiam coaevam doctrinae inspirationis penes catholicos$9(OLS)http://semarc/title/210849 996 $6264$aRomae :$bEx Typographia della pace, Ph. Cuggiani$9(OLS)http://semarc/publisher/62904